000 00600nam a22001937a 4500
005 20170622111006.0
010 _aENG-118773
020 _a9788123779423
_c185.00
035 _aEN-102305
037 _bDBAD/PUB
082 _a616.3
100 _aVohra, Pankaj
245 _aCeliac diesease:
_bA comprehensive guide /
_cby Pankaj Vohra
260 _aNew Delhi
_bNational Book Trust
_c2016
270 _aNehru Bhawan, 5 Industrial Area, Phase-II Vasant Kunj, New Delhi-110070
300 _axv,198p
_bill.
_c22cm.(pbk)
500 _aIncludes Index
942 _2ddc
_cEN
_h616.3
_mVOH
999 _c141786
_d141786